Textbook of Environmental Studies For Undergraduate Courses (Record no. 122)

MARC details
000 -LEADER
fixed length control field 00365nam a22001457a 4500
020 ## - INTERNATIONAL STANDARD BOOK NUMBER
International Standard Book Number 978-81-7371-862-5
041 ## - LANGUAGE CODE
Language code of text/sound track or separate title ENG
100 ## - MAIN ENTRY--PERSONAL NAME
Personal name University
245 ## - TITLE STATEMENT
Title Textbook of Environmental Studies For Undergraduate Courses
250 ## - EDITION STATEMENT
Edition statement Second
260 ## - PUBLICATION, DISTRIBUTION, ETC. (IMPRINT)
Place of publication, distribution, etc Telangana
Name of publisher, distributor, etc Universities press (India )
Date of publication, distribution, etc 2019
300 ## - PHYSICAL DESCRIPTION
Extent 305
650 ## - SUBJECT ADDED ENTRY--TOPICAL TERM
Topical term or geographic name as entry element EOES
856 ## - ELECTRONIC LOCATION AND ACCESS
Uniform Resource Identifier Comp Exam

No items available.

Contact Us: College of Agricultural Engineering and Technology, Dapoli, Dist.- Ratnagiri
Website: https://dbskkv.org Email: caetlibrary2015@gmail.com